Improving profits integrated (Record no. 1274811)

MARC details
000 -LEADER
fixed length control field 00514nam a2200181Ia 4500
005 - DATE AND TIME OF LATEST TRANSACTION
control field 20250326124711.0
008 - FIXED-LENGTH DATA ELEMENTS--GENERAL INFORMATION
fixed length control field 250326s9999 xx 000 0 und d
037 ## - SOURCE OF ACQUISITION
Stock number Textbook
040 ## - CATALOGING SOURCE
Original cataloging agency FMSL
Language of cataloging eng
Transcribing agency FMSL
041 ## - LANGUAGE CODE
Language code of text/sound track or separate title eng
Source of code eng
084 ## - COLON CLASSIFICATION NUMBER
Classification number X:89A K81
Assigning agency FMSL
100 ## - MAIN ENTRY--PERSONAL NAME
Personal name Wilson S R
9 (RLIN) 313077
245 #0 - TITLE STATEMENT
Title Improving profits integrated
Statement of responsibility, etc. Wilson S R; Tomb J O
260 ## - PUBLICATION, DISTRIBUTION, ETC.
Place of publication, distribution, etc. New Jersey
Name of publisher, distributor, etc. New Jersey, Prentice-Hall
Date of publication, distribution, etc. 1968
300 ## - PHYSICAL DESCRIPTION
Extent 162p
942 ## - ADDED ENTRY ELEMENTS (KOHA)
Koha item type Textbook
Classification part X:89A K81
Holdings
Withdrawn status Lost status Damaged status Not for loan Home library Current library Date acquired Total Checkouts Full call number Barcode Date last seen Price effective from Koha item type
        Faculty of Management Library Faculty of Management Library 2025-03-26   X:89A K81 ML0005024 2025-03-26 2025-03-26 Textbook
Copyright @ Delhi University Library System